000 00893cam a22002651 4500
001 ca 34000418
003 DLC
005 20260227111131.0
008 850715s1934 maubcfh 001 0ceng
010 _aca 34000418
035 _a(OCoLC)12266563
040 _aDLC
_cViWC
_dDLC
042 _apremarc
050 0 0 _aCS71.J76
_b1934
100 1 _aJones, Melvin E.
_q(Melvin Elijah),
_d1868-
_ecomp.
245 0 0 _aGenealogy of Jones, Hathaway, Richards, Gooding,
_ccompiled, edited, typed, printed and published by Melvin E. Jones ...
260 _aBoston, Mass.,
_cc1934.
300 _aiv, 306 numb. l.
_bfront. (port.) plates, map, facsim., fold. geneal. tab. (in pocket) coats of arms.
_c28 cm.
500 _a"First printing 100 copies."
500 _aMimeographed.
600 3 0 _aJones family.
600 3 0 _aHathaway family.
600 3 0 _aRichards family.
600 3 0 _aGooding family.
999 _c17299
_d17299